Diccionario de psicoanálisis / (Record no. 89412)

MARC details
000 -LEADER
campo de control de longitud fija 00810nam a2200241 i 4500
001 - NÚMERO DE CONTROL
campo de control 89412
003 - IDENTIFICADOR DE NÚMERO DE CONTROL
campo de control ES-MaACL
005 - FECHA Y HORA DE LA ÚLTIMA TRANSACCIÓN
campo de control 20230906180151.0
007 - CAMPO FIJO DE DESCRIPCIÓN FÍSICA--INFORMACIÓN GENERAL
campo de control de longitud fija t|
008 - DATOS DE LONGITUD FIJA--INFORMACIÓN GENERAL
campo de control de longitud fija 050110s1983 sp ||||1| spa d
020 ## - NÚMERO INTERNACIONAL ESTÁNDAR DEL LIBRO
Número Internacional Estándar del Libro 84-335-1518-7
100 1# - ENTRADA PRINCIPAL--NOMBRE DE PERSONA
Nombre de persona Laplanche, Jean.
9 (RLIN) 70161
245 10 - MENCIÓN DEL TÍTULO
Título Diccionario de psicoanálisis /
Mención de responsabilidad, etc. Jean Laplanche, Jean-Bertrand Pontalis ; bajo la dirección de Daniel Lagache ; [traducción, Fernando Cervantes Gimeno].
250 ## - MENCION DE EDICION
Mención de edición [31ª ed. rev.].
260 ## - PUBLICACIÓN, DISTRIBUCIÓN, ETC.
Lugar de publicación, distribución, etc. Barcelona, etc. :
Nombre del editor, distribuidor, etc. Labor,
Fecha de publicación, distribución, etc. 1983.
300 ## - DESCRIPCIÓN FÍSICA
Extensión XXIII, 535 p. ;
Dimensiones 22 cm.
500 ## - NOTA GENERAL
Nota general Indices.
504 ## - NOTA DE BIBLIOGRAFÍA, ETC.
Nota de bibliografía, etc. Bibliografía: p. 478-524.
700 1# - ENTRADA AGREGADA--NOMBRE PERSONAL
Nombre de persona Pontalis, Jean-Baptiste.
9 (RLIN) 93045
700 1# - ENTRADA AGREGADA--NOMBRE PERSONAL
Nombre de persona Lagache, Daniel.
9 (RLIN) 69551
700 1# - ENTRADA AGREGADA--NOMBRE PERSONAL
Nombre de persona Cervantes Gimeno, Fernando.
9 (RLIN) 37591
852 ## - LOCALIZACIÓN
Ubicación ES-MaACL
Número de control de estantería L-11019
Sublocalización o colección R.112771
Holdings
Estatus retirado Estado de pérdida Estado de daño No para préstamo Colección Biblioteca de origen Biblioteca actual Ubicación en estantería Fecha de adquisición Fuente de adquisición Total de préstamos Signatura topográfica completa Código de barras Visto por última vez Precio de reemplazo Tipo de ítem Koha
        Colección de referencia Biblioteca del Ateneo de Madrid Biblioteca del Ateneo de Madrid Depósito 2 17/01/2008     L-11019 1093381 23/02/2023 23/02/2023 Libro impreso